000 00633nam a2200169 a 4500
008 080331s2002 ||||||||||||||||| || u
050 _aIBRD(08)DP
100 _aClaessens, Stijn
245 1 0 _aElectronic finance: a new approach to financial sector development
260 _aWashington, D. C.
_bWorld Bank
_c2002
300 _aix, 97p. :ill.
350 _a0.00
490 _aWorld Bank Discussion Papers
700 _aGlaessner, Thomas
700 _aKlingediel, Daniela
995 _D0.00
_FCBU-MAIN LIBRARY (Kitwe)
_H1
_I0.00
_M1
_UAVAILABLE
_WMar 31, 2008
_ZInternational Publications
999 _c41541
_d41541